000 01177nac a22003497a 4500
001 BR8301787
003 BR-BrBNA
005 20240105115641.0
008 230509b bl.|||m| |||| 00| 0 por d
040 _aBR-BrBNA
_bpor
_cBiblioteca Nacional de Agricultura
072 _aL30; L00; L36
090 _a5214 BR8301787
100 1 _aSouza, S.O. de
100 1 _aSantana, J.
110 1 _aEmpresa de Pesquisa Agropecuaria do Estado do Rio de Janeiro, Niteroi (Brasil)
245 1 _aComparacao entre fundo de dorna e mistura melaco + ureia a 10 por cento na recria de machos leiteiros confinados [nutricao animal]
260 3 _aNiteroi, RJ (Brasil):
_c1983.
300 _a3 p.
490 _aPesquisa em Andamento - Empresa de Pesquisa Agropecuaria do Estado do Rio de Janeiro (Brazil)
_vno. 20
_xISSN 0101-5052
650 _aGADO LEITEIRO
650 _aNUTRICAO ANIMAL
650 _aMELACO
650 _aUREIA
650 _aLEVEDO
650 _aSUPLEMENTO ENERGETICO
650 _aSUPLEMENTO PROTEICO
650 _aCONFINAMENTO
650 _aRECRIA
650 _aGANHO DE PESO
909 _a202312
_bLúcia Elande
_c55
_dLúcia Elande
942 _2AGRIS
_n0
_cMS
999 _c275749
_d275749